Все города Узбекистана - Statistics

General Stats
  • This quiz has been taken 54 times
  • The average score is 13 of 120
Answer Stats
Регион Город % Correct
Столица Ташкент
100%
Бухарская область Бухара
77%
Ферганская область Фергана
74%
Андижанская область Андижан
69%
Навойская область Навои
69%
Самаркандская область Самарканд
69%
Наманганская область Наманган
62%
Джизакская область Джизак
62%
Каракалпакстан Нукус
62%
Хорезмская область Хива
49%
Ферганская область Коканд
41%
Хорезмская область Ургенч
38%
Сырдарьинская область Гулистан
23%
Сурхандарьинская область Термез
23%
Сырдарьинская область Сырдарья
21%
Ташкентская область Алмалык
18%
Каракалпакстан Кунград
18%
Ташкентская область Ангрен
18%
Ферганская область Маргилан
18%
Ташкентская область Чирчик
18%
Навойская область Учкудук
15%
Кашкардарьинская область Шахрисабз
15%
Кашкадарьинская область Карши
13%
Джизакская область Гагарин
10%
Ташкентская область Бекабад
10%
Бухарская область Вабкент
8%
Ташкентская область Ахангаран
8%
Кашкадарьинская область Касан
8%
Бухарская область Каган
8%
Ташкентская область Аккурган
5%
Сурхандарьинская область Денау
5%
Сурхандарьинская область Джаркурган
5%
Бухарская область Гиждуван
5%
Джизакская область Пахтакор
5%
Самаркандская область Каттакурган
5%
Сурхандарьинская область Шерабад
5%
Бухарская область Шафиркан
5%
Ташкентская область Паркент
5%
Каракалпакстан Беруни
3%
Кашкадарьинская область Бешкент
3%
Навойская область Газган
3%
Самаркандская область Акташ
3%
Сурхандарьинская область Байсун
3%
Сырдарьинская область Бахт
3%
Ферганская область Бешарык
3%
Хорезмская область Питнак
3%
Каракалпакстан Бустан
3%
Андижанская область Асака
3%
Бухарская область Алат
3%
Джизакская область Галляарал
3%
Кашкадарьинская область Гузар
3%
Навойская область Зарафшан
3%
Самаркандская область Булунгур
3%
Андижанская область Джалакудук
3%
Джизакская область Даштабад
3%
Кашкадарьинская область Камаши
3%
Навойская область Кызылтепа
3%
Наманганская область Пап
3%
Самаркандская область Джамбай
3%
Ферганская область Кува
3%
Каракалпакстан Мангит
3%
Андижанская область Карасу
3%
Бухарская область Газли
3%
Наманганская область Туракурган
3%
Самаркандская область Джума
3%
Сурхандарьинская область Кумкурган
3%
Сырдарьинская область Ширин
3%
Ферганская область Кувасай
3%
Каракалпакстан Муйнак
3%
Андижанская область Кургантепа
3%
Бухарская область Галаасия
3%
Джизакская область Дустлик
3%
Навойская область Нурата
3%
Наманганская область Учкурган
3%
Самаркандская область Иштыхан
3%
Сырдарьинская область Янгиер
3%
Андижанская область Мархамат
3%
Кашкадарьинская область Китаб
3%
Наманганская область Хаккулабад
3%
Сурхандарьинская область Шаргунь
3%
Ташкентская область Бука
3%
Ферганская область Риштан
3%
Каракалпакстан Тахиаташ
3%
Андижанская область Пайтуг
3%
Навойская область Янгирабад
3%
Наманганская область Чартак
3%
Самаркандская область Нурабад
3%
Ташкентская область Газалкент
3%
Ферганская область Тинчлик
3%
Каракалпакстан Турткуль
3%
Андижанская область Пахтаабад
3%
Бухарская область Каракуль
3%
Кашкардарьинская область Талимарджан
3%
Наманганская область Чуст
3%
Самаркандская область Пайарык
3%
Сурхандарьинская область Шурчи
3%
Ташкентская область Дустабад
3%
Каракалпакстан Халкабад
3%
Андижандская область Ханабад
3%
Бухарская область Караулбазар
3%
Кашкардарьинская область Чиракчи
3%
Ташкентская область Келес
3%
Ферганская область Яйпан
3%
Каракалпакстан Ходжейли
3%
Андижанская область Ходжаабад
3%
Бухарская область Ромитан
3%
Самаркандская область Ургут
3%
Ташкентская область Нурафшон
3%
Каракалпакстан Чимбай
3%
Андижанская область Шахрихан
3%
Кашкардарьинская область Яккабаг
3%
Самаркандская область Челек
3%
Каракалпакстан Шуманай
3%
Кашкардарьинская область Янги-Нишан
3%
Ташкентская область Пскент
3%
Ташкентская область Чиназ
3%
Ташкентская область Янгиабад
3%
Ташкентская область Янгиюль
3%
Наманганская область Касанай
0%
Кашкардарьинская область Мурабек
0%
No matching quizzes found
Score Distribution
Percent of People with Each Score
Percentile by Number Answered
Your Score History
You have not taken this quiz